000 01696nam a2200253Ii 4500
003 URS
005 20230602095048.0
008 221202s xx 000 0 und d
040 _cURS
100 1 _aEicker, Friedhelm,
_eauthor
245 0 _aVocational Education and Training in Sub-Saharan Africa
246 _aCurrent Situation and Development
264 1 _aBielefeld
_bW. Bertelsmann Verlag
_c2017
300 _a1 online resource
336 _atext
_btxt
_2rdacontent
337 _acomputer
_bc
_2rdamedia
338 _aonline resource
_bcr
_2rdacarrier
520 _aThere is a rising demand for specialist workers in several countries of Sub-Saharan Africa (SSA). The area still lacks a consistent system of professional training and further education. The conference transcript comprises practical knowledge collected by the authors to depict the current state of professional training within the Sub-Saharan African countries. The paper also introduces the reader to concepts for the development of a professional training system and provides an overview of the strategies and plans of different countries and institutions. The included articles were written within the framework of a symposium on the status quo and the perspective of professional training and further education. This gathering took place in Namibia in August 2016 and brought together researchers and business actors from the Sub-Saharan states, Europe, Australia, and Asia.
653 _aSociology
700 1 _aHaseloff, Gesine
700 1 _aLennartz, Bernd
856 _uhttps://library.oapen.org/bitstream/20.500.12657/30949/1/640951.pdfhttp://library.oapen.org/handle/20.500.12657/30949
942 _cE-BOOK
_2lcc
999 _c67419
_d67419